<?xml version="1.0" encoding="UTF-8"?><?xml-stylesheet type="text/xsl" href="static/style.xsl"?><OAI-PMH xmlns="http://www.openarchives.org/OAI/2.0/" xmlns:xsi="http://www.w3.org/2001/XMLSchema-instance" xsi:schemaLocation="http://www.openarchives.org/OAI/2.0/ http://www.openarchives.org/OAI/2.0/OAI-PMH.xsd"><responseDate>2026-04-17T04:17:33Z</responseDate><request verb="GetRecord" identifier="oai:www.recercat.cat:2117/446287" metadataPrefix="marc">https://recercat.cat/oai/request</request><GetRecord><record><header><identifier>oai:recercat.cat:2117/446287</identifier><datestamp>2026-02-07T04:23:22Z</datestamp><setSpec>com_2072_1033</setSpec><setSpec>col_2072_452950</setSpec></header><metadata><record xmlns="http://www.loc.gov/MARC21/slim" xmlns:dcterms="http://purl.org/dc/terms/" xmlns:xsi="http://www.w3.org/2001/XMLSchema-instance" xmlns:doc="http://www.lyncode.com/xoai" xsi:schemaLocation="http://www.loc.gov/MARC21/slim http://www.loc.gov/standards/marcxml/schema/MARC21slim.xsd">
   <leader>00925njm 22002777a 4500</leader>
   <datafield ind2=" " ind1=" " tag="042">
      <subfield code="a">dc</subfield>
   </datafield>
   <datafield ind2=" " ind1=" " tag="720">
      <subfield code="a">Gilabert Sanz, Salvador</subfield>
      <subfield code="e">author</subfield>
   </datafield>
   <datafield ind2=" " ind1=" " tag="720">
      <subfield code="a">Oliver Villanueva, José Vicente</subfield>
      <subfield code="e">author</subfield>
   </datafield>
   <datafield ind2=" " ind1=" " tag="260">
      <subfield code="c">2025-11-07</subfield>
   </datafield>
   <datafield ind2=" " ind1=" " tag="520">
      <subfield code="a">&lt;jats:p>This research explores the role of design in fostering sustainable transitions through systemic thinking in the building sector, addressing the dynamic, multi-scalar, multi-species, and transdisciplinary challenges inherent in socio-ecological and socio-technical transformations. The study is grounded in Transition Design principles, recognizing the agency of ecological, human, and computational intelligence. By embracing systemic approaches, this paper underscores the importance of long-term thinking, collective action, pluralistic perspectives, and value co-creation among diverse actors. The results highlight the IMIP (Innovative Eco-Construction System Based on Interlocking Modular Insulation Wood &amp; Cork-Based Panels) project’s contribution to circular economy principles, demonstrating its environmental and social impact through a comprehensive Life Cycle Assessment (LCA), as an innovative holistic approach to low-energy construction and near-zero-emissions strategies in construction, leveraging local timber and cork as materials for construction systems in building. These results demonstrate the potential of locally based bio-based materials and modular construction systems to promote circularity, reduce ecological footprints, and enhance community resilience. The findings reinforce the significance of design as a driver of systemic change in the building sector, emphasizing the interdependencies and feedback loops between human actions, natural ecosystems, and technological infrastructures.&lt;/jats:p&gt;</subfield>
   </datafield>
   <datafield ind2=" " ind1=" " tag="520">
      <subfield code="a">Postprint (published version)</subfield>
   </datafield>
   <datafield tag="653" ind2=" " ind1=" ">
      <subfield code="a">Àrees temàtiques de la UPC::Arquitectura::Arquitectura sostenible</subfield>
   </datafield>
   <datafield tag="653" ind2=" " ind1=" ">
      <subfield code="a">Àrees temàtiques de la UPC::Economia i organització d'empreses::Impacte ambiental</subfield>
   </datafield>
   <datafield tag="653" ind2=" " ind1=" ">
      <subfield code="a">Sustainable construction</subfield>
   </datafield>
   <datafield tag="653" ind2=" " ind1=" ">
      <subfield code="a">Conscious architecture</subfield>
   </datafield>
   <datafield tag="653" ind2=" " ind1=" ">
      <subfield code="a">sustainable construction</subfield>
   </datafield>
   <datafield tag="653" ind2=" " ind1=" ">
      <subfield code="a">circular economy</subfield>
   </datafield>
   <datafield tag="653" ind2=" " ind1=" ">
      <subfield code="a">cork insulation</subfield>
   </datafield>
   <datafield tag="653" ind2=" " ind1=" ">
      <subfield code="a">life cycle&#xd;
assessment.</subfield>
   </datafield>
   <datafield tag="653" ind2=" " ind1=" ">
      <subfield code="a">Construcció sostenible</subfield>
   </datafield>
   <datafield tag="653" ind2=" " ind1=" ">
      <subfield code="a">Economia circular</subfield>
   </datafield>
   <datafield ind2="0" ind1="0" tag="245">
      <subfield code="a">Conscious architecture and circular economy for a transition in building: the IMIP project as a case study</subfield>
   </datafield>
</record></metadata></record></GetRecord></OAI-PMH>